Fr. Conceicao Rodrigues College of Engineering

Data communications (Record no. 31734)

MARC details
000 -LEADER
fixed length control field 00277nam a2200133Ia 4500
082 ## - DEWEY DECIMAL CLASSIFICATION NUMBER
Classification number 5.71
Item number PAN
100 ## - MAIN ENTRY--PERSONAL NAME
Personal name Bartee T.C.
245 ## - TITLE STATEMENT
Title Data communications
260 ## - PUBLICATION, DISTRIBUTION, ETC.
Name of publisher, distributor, etc. BPB
Place of publication, distribution, etc. New Delhi
Date of publication, distribution, etc. 1985
300 ## - PHYSICAL DESCRIPTION
Extent 653
546 ## - LANGUAGE NOTE
Language note ENGLISH
654 ## - SUBJECT ADDED ENTRY--FACETED TOPICAL TERMS
Focus term communication
942 ## - ADDED ENTRY ELEMENTS (KOHA)
Koha item type BOOK
Holdings
Withdrawn status Lost status Damaged status Not for loan Collection Home library Current library Date acquired Source of acquisition Cost, normal purchase price Total Checkouts Full call number Barcode Date last seen Cost, replacement price Price effective from Koha item type
        CRC Fr. Agnel's C.Rodrigues College of Engineering Fr. Agnel's C.Rodrigues College of Engineering 17/03/2023 global books 225.00   5.71 PAN 6822 17/03/2023 225.00 17/03/2023 BOOK
        CRC Fr. Agnel's C.Rodrigues College of Engineering Fr. Agnel's C.Rodrigues College of Engineering 17/03/2023 global books 225.00   5.71 PAN 6823 17/03/2023 225.00 17/03/2023 BOOK